Search Light South Africa. (Record no. 124803)
[ view plain ]
| 000 -LEADER | |
|---|---|
| fixed length control field | 00513cam a2200157 4500 |
| 008 - FIXED-LENGTH DATA ELEMENTS--GENERAL INFORMATION | |
| fixed length control field | 150923n 000 0 eng u |
| 022 ## - INTERNATIONAL STANDARD SERIAL NUMBER | |
| International Standard Serial Number | 0954-3384 |
| 035 ## - SYSTEM CONTROL NUMBER | |
| System control number | (Sirsi) a192676 |
| 050 ## - LIBRARY OF CONGRESS CALL NUMBER | |
| Classification number | HX1.S4 |
| 245 ## - TITLE STATEMENT | |
| Title | Search Light South Africa. |
| 260 ## - PUBLICATION, DISTRIBUTION, ETC. | |
| Place of publication, distribution, etc. | Kensinginton |
| Name of publisher, distributor, etc. | Sigma |
| Date of publication, distribution, etc. | 1992. |
| 310 ## - CURRENT PUBLICATION FREQUENCY | |
| Current publication frequency | Quarterly. |
| 362 ## - DATES OF PUBLICATION AND/OR SEQUENTIAL DESIGNATION | |
| Dates of publication and/or sequential designation | No.1, 1988 - Vol.2, No.4, 1992. |
| 520 ## - SUMMARY, ETC. | |
| Summary, etc. | It is an independent socialist journal focued on southern africa, but mindful of the broader world context. |
| 650 ## - SUBJECT ADDED ENTRY--TOPICAL TERM | |
| Topical term or geographic name entry element | Social Sciences. |
No items available.